| Tag |
First Indicator |
Second Indicator |
Subfields |
| LEADER |
00000cam a22000008i 4500 |
| 001 |
in00005779749 |
| 005 |
20260426011142.7 |
| 006 |
m o d |
| 007 |
cr un||||||||| |
| 008 |
251020s2026 onc ob 001 0deng |
| 040 |
|
|
|a NLC
|b eng
|e rda
|c NLC
|d NLC
|d OCLCO
|d YDX
|d N$T
|d JSTOR
|
| 020 |
|
|
|a 9781487574895 (electronic bk.)
|
| 020 |
|
|
|a 1487574894
|
| 020 |
|
|
|a 9781487575311
|q (EPUB)
|
| 020 |
|
|
|a 1487575319
|
| 035 |
|
|
|a (OCoLC)1545762334
|
| 037 |
|
|
|a 22573/cats40048847
|b JSTOR
|
| 042 |
|
|
|a lac
|
| 043 |
|
|
|a n-cn---
|
| 050 |
|
|
|a JL75
|b .B695 2026eb
|
| 055 |
|
0 |
|a JL75
|b .B695 2026
|
| 072 |
|
7 |
|a POL
|x 056000
|2 bisacsh
|
| 072 |
|
7 |
|a POL
|x 052000
|2 bisacsh
|
| 072 |
|
7 |
|a POL
|x 017000
|2 bisacsh
|
| 072 |
|
7 |
|a HIS
|x 006020
|2 bisacsh
|
| 072 |
|
7 |
|a BUS
|x 071000
|2 bisacsh
|
| 082 |
0 |
4 |
|a 351.71
|q CaOONL
|2 23/eng/20251020
|
| 084 |
|
|
|a cci1icc
|2 lacc
|
| 100 |
1 |
|
|a Bourgon, Jocelyne,
|e author
|1 https://id.oclc.org/worldcat/entity/E39PBJjHgxQ48GQPyPBWXPXDbd
|
| 245 |
1 |
2 |
|a A public servant's voice :
|b through the words of the first woman clerk of the Privy Council of Canada /
|c Jocelyne Bourgon.
|
| 263 |
|
|
|a 202603
|
| 264 |
|
1 |
|a Toronto ;
|a Buffalo ;
|a London :
|b University of Toronto Press,
|c 2026.
|
| 300 |
|
|
|a 1 online resource.
|
| 336 |
|
|
|a text
|b txt
|2 rdacontent
|
| 337 |
|
|
|a computer
|b c
|2 rdamedia
|
| 338 |
|
|
|a online resource
|b cr
|2 rdacarrier
|
| 490 |
1 |
|
|a Institute of Public Administration of Canada series in public management and governance
|
| 504 |
|
|
|a Includes bibliographical references and index.
|
| 520 |
|
|
|a "Can ideas from the past help to invent a better future? In this part-memoir and part-guide, Jocelyne Bourgon explores this central question through the representation of her noteworthy career and professional life. A Public Servant's Voice presents Bourgon's reflections on her time in government. As the first woman clerk of the privy council for Canada, secretary to cabinet, and head of the public service from 1994 to 1999, Bourgon brings an unprecedented perspective to public administration and public sector reform. She reflects on decades of work in the public sector and the field of public administration, in Canada and abroad. This book covers her career from her first days as a public servant to creating A New Synthesis of Public Administration to face the challenges of the 21st century. Along the way she played a key role in the Charlottetown negotiations, helped bring Canada a decade of fiscal surplus, launched initiatives to strengthen the public service, and worked with peers around the world. Providing a public service perspective on events in Canada in the late 20th century steeped through the life of one public servant, this book is more than a memoir. Instead, it speaks specifically to those who are willing to take on the heavy burden of serving their fellow citizens and provides vital insights for the future of Canadian governance."--
|c Provided by publisher.
|
| 600 |
1 |
0 |
|a Bourgon, Jocelyne.
|
| 651 |
|
0 |
|a Canada
|x Officials and employees
|v Biography.
|
| 650 |
|
0 |
|a Public administration
|z Canada.
|
| 650 |
|
0 |
|a Civil service
|z Canada.
|
| 650 |
|
0 |
|a Administrative agencies
|z Canada.
|
| 651 |
|
0 |
|a Canada
|x Politics and government
|y 20th century.
|
| 650 |
|
6 |
|a Administration publique (Science)
|0 (CaQQLa)201-0007282
|z Canada.
|0 (CaQQLa)201-0407174
|
| 651 |
|
6 |
|a Canada
|x Politique et gouvernement
|y 20e siècle.
|0 (CaQQLa)201-0079108
|
| 650 |
|
7 |
|a POLITICAL SCIENCE / World / Canadian
|2 bisacsh
|
| 655 |
|
7 |
|a Autobiographies.
|2 lcgft
|
| 655 |
|
7 |
|a Autobiographies.
|2 rvmgf
|0 (CaQQLa)RVMGF-000000520
|
| 776 |
0 |
8 |
|i Print version:
|a Bourgon, Jocelyne.
|t Public servant's voice.
|d Toronto ; Buffalo ; London : University of Toronto Press, 2026
|z 1487574754
|z 9781487574758
|w (OCoLC)1523250982
|
| 830 |
|
0 |
|a Institute of Public Administration of Canada series in public management and governance.
|
| 852 |
8 |
|
|b POD
|z This title is available for the library to purchase for your use. Click the "Purchase It For Me" button to place a request. This item will take 5-10 business days to arrive.
|
| 955 |
|
|
|a Ebook POD title
|
| 961 |
|
|
|m 565731
|
| 999 |
f |
f |
|i 5fe7712d-b8fa-4084-8671-cdebe74239af
|s e672b2e4-103e-4528-b25c-3e6f519dfc52
|t 0
|
| 952 |
f |
f |
|a Texas A&M University
|b College Station
|c Sterling C. Evans Library
|s Evans POD
|d Purchase on Demand
|t 0
|e JL75 .B695 2026eb
|h Library of Congress classification
|
| 998 |
f |
f |
|a JL75 .B695 2026eb
|t 0
|l Purchase on Demand
|